01474nac a22002891u 4500010001600000020004500016082001700061090001500078100003600093245009200129260003900221300006500260490003400325500002600359504006400385511002400449538017800473650003000651650002800681700003100709830005100740856008900791942001900880999001500899952012600914952014401040 a 96013969 a0824797310 (hardcover : acid-free paper)00a621.811bSTE c3804d3804 aStejskal, VladimiÌ?r. 10aKinematics and dynamics of machinery /cVladimiÌ?r Stejskal, Michael ValaÌ?sÌŒek aNew York :bM. Dekker,1996cc1996. axii, 494 p. :bill. ;c24 cm. +e1 computer disk (3 1/2 in.)1 aMechanical engineering ;v106 aDistributer: Al-Ahram aIncludes bibliographical references (p. 469-487) and index. aCatalogued by: Sara aSystem requirements for accompanying computer disk: PC with 8 MB RAM and 5 MB hard drive; MS Windows 95; MS Windows NT or MS Windows 3.1 with Win32s upgrade (v. 1.15.103.0). 0aMachinery, Kinematics of. 0aMachinery, Dynamics of.1 aValaÌ?sÌŒek, Michael. 0aMechanical engineering (Marcel Dekker, Inc.) ;423Publisher descriptionuhttp://www.loc.gov/catdir/enhancements/fy0661/96013969-d.html cBBk621.811STE c3804d3804 00102ddc4070aMAINbMAINc1STd2007-07-04ePurchaseg281.00l0o621.811STEp000030409r2025-07-15 00:00:00v351.25yBB 00102ddc40708 aMAINbMAINc1STd2010-03-08epurchaseg281.00l1m6o621.811STEp000010284r2025-07-15 00:00:00s2013-02-06v351.25yBB